| 000 | 00412nam a2200181Ia 4500 | ||
|---|---|---|---|
| 005 | 20250423094517.0 | ||
| 008 | 250422s9999 xx 000 0 und d | ||
| 020 | _a9789780692865 | ||
| 050 | _aP 151 .L36/ | ||
| 100 | _aLamidi, M. T. | ||
| 245 | 0 | _aAspects of Chomskyan grammar | |
| 260 | _aIbadan | ||
| 260 | _bUniversity Press | ||
| 260 | _c2008 | ||
| 300 | _a200 p | ||
| 650 | _aGrammar | ||
| 942 | _cBK | ||
| 999 |
_c27448 _d27448 |
||